MARC

LEADER 00000nam a22000007a 4500
005 20220920215348.0
007 cr|||| ||||
008 220920c20199999ec wr|w s|||| 0|||b1spa d
035 |a 37223 
040 |a vLex 
090 |c 13981  |d 13981 
245 0 0 |a Blog CorralRosales  |h [Recurso electrn̤ico] / 
256 |a Servicio en ln̕ea 
300 |a 1 recurso electrn̤ico 
310 |a Semanal 
500 |a CorralRosales es firma de abogaca̕ de los negocios preferida por las multinacionales y grandes empresas nacionales en Ecuador. Nuestros ms̀ de 40 aǫs de trayectoria, nuestros clientes y los ms̀ prestigiosos directorios internacionales nos avalan. ¿Nuestro lema? International standards, local vanguard. 
506 1 |a Disponible solo en los productos indicados  |d vLex Global  |d vLex Global (Academic Edition, excluding Law Schools)  |d vLex Global (U.S. Academic Edition, Law Schools)  |d vLex Global (U.S. Academic Edition, excluding Law Schools)  |d vLex Global (Academic Edition, Law Schools) 
650 0 4 |a Derecho Civil  |z Ecuador 
650 0 4 |a Derecho Mercantil y de la Empresa  |z Ecuador 
650 0 4 |a Derecho Laboral y Seguridad Social  |z Ecuador 
650 0 4 |a Derecho Penal  |z Ecuador 
650 0 4 |a Derecho Fiscal  |z Ecuador 
650 0 4 |a Derecho Pb︢lico y Administrativo  |z Ecuador 
740 0 |a vLex Revistas (Servicio en ln̕ea) 
856 4 0 |u https://app.vlex.com/#/sources/37223  |z Acceso restringido 
942 |c REV 
999 0 |a Civil Law 
999 0 |a Commercial and Company Law 
999 0 |a Labor Law and Social Security 
999 0 |a Criminal Law 
999 0 |a Tax Law 
999 0 |a Public and Administrative Law